000 00259nam a2200109Ia 4500
008 190216s9999||||xx |||||||||||||| ||und||
100 _aKellelbey
245 0 _aShort History Of Modern Europe
260 _bSurjeet Pubs.Delhi
650 _aHistory
942 _cBK
999 _c19270
_d19270